Detalles MARC
| 000 -CABECERA |
| campo de control de longitud fija |
01036nam a22002297a 4500 |
| 008 - DATOS DE LONGITUD FIJA--INFORMACIÓN GENERAL |
| campo de control de longitud fija |
260630s mx ||||gr|||| 001 0 spa d |
| 020 ## - NÚMERO INTERNACIONAL ESTÁNDAR DEL LIBRO |
| Número Internacional Estándar del Libro |
970-35-0820-0 |
| 040 ## - FUENTE DE LA CATALOGACIÓN |
| Lengua de catalogación |
spa |
| 041 ## - CÓDIGO DE LENGUA |
| Código de lengua del texto/banda sonora o título independiente |
SPA |
| 082 04 - NÚMERO DE LA CLASIFICACIÓN DECIMAL DEWEY |
| Número de clasificación |
372.423 |
| Número de documento/Ítem |
A46 |
| 100 ## - ENTRADA PRINCIPAL--NOMBRE DE PERSONA |
| 9 (RLIN) |
DEL AMO, MONTSERRAT |
| Títulos y otros términos asociados al nombre |
HUERTA, DAVID |
| 245 ## - MENCIÓN DE TÍTULO |
| Título |
LA NARRACIÓN ORAL Y LA LECTURA EN VOZ ALTA COMO TÉCNICA DE ANIMACIÓN A LA LECTURA |
| Resto del título |
LA LECTURA. LOS NIÑOS, LOS POEMAS Y LOS MUERTOS |
| 260 ## - PUBLICACIÓN, DISTRIBUCIÓN, ETC. |
| Lugar de publicación, distribución, etc. |
MÉXICO |
| Nombre del editor, distribuidor, etc. |
CONSEJO NACIONAL PARA LA CULTURA Y LAS ARTES |
| Fecha de publicación, distribución, etc. |
2005 |
| 300 ## - DESCRIPCIÓN FÍSICA |
| Extensión |
57 |
| Dimensiones |
21 cm x 13.5 cm |
| 336 ## - TIPO DE CONTENIDO |
| Fuente |
rdacontent |
| Término de tipo de contenido |
texto |
| Código de tipo de contenido |
txt |
| 337 ## - TIPO DE MEDIO |
| Fuente |
rdamedia |
| Nombre/término del tipo de medio |
sin mediación |
| Código del tipo de medio |
n |
| 338 ## - TIPO DE SOPORTE |
| Fuente |
rdacarrier |
| Nombre/término del tipo de soporte |
volumen |
| Código del tipo de soporte |
nc |
| 490 0# - MENCIÓN DE SERIE |
| Mención de serie |
VOL. 13 |
| 505 ## - NOTA DE CONTENIDO CON FORMATO |
| Nota de contenido con formato |
Combina teoría y práctica: por un lado, explica cómo la narración oral y la lectura en voz alta pueden ser herramientas poderosas para animar a la lectura; por otro, ofrece una reflexión poética y crítica sobre la infancia, la memoria y la muerte. |
| 650 ## - PUNTO DE ACCESO ADICIONAL DE MATERIA--TÉRMINO DE MATERIA |
| Término de materia o nombre geográfico como elemento de entrada |
CIENCIAS SOCIALES |
| Subdivisión de forma |
EDUCACIÓN |
| Subdivisión general |
EDUCACIÓN PRIMARIA |
| 942 ## - ELEMENTOS DE PUNTO DE ACCESO ADICIONAL (KOHA) |
| Fuente del sistema de clasificación o colocación |
Dewey Decimal Classification |
| Tipo de ítem Koha |
General jóvenes y Adultos |